000 01860nam a2200289Ia 4500
001 G9960
003 IT-RoPAU
008 130308s9999 xx 000 0 und d
040 _aIT-RoPAU
040 _cIT-RoPAU
041 _aFRANCESE
100 _aAubert Laurent
100 _gCodice Aut. SPICS: 56234
245 _aMusique de l'autre (La). Les nouveaux defis de l'ethnomusicologie
245 _bMusique de L'Autre (La). Les Nouveaux Defis de L'Ethnomusicologie
250 _a1a ed.
260 _aGENEVE
260 _bGeorg Editeur
260 _c2001 [1° Ed.:2001 - Ed.Ling.Originale:2001]
300 _a"170 p. (prefazione: 8; testo: 162 [pagine: 0-0])"
500 _aMusica dell'Altro: nuove sfide dell'Etnomusicologia. L'Irruzione Massiva della Musica del Mondo nel Nostro Ambiente Culturale è un fenomeno Recente.Conseguenza del Vasto Processo di mondializzazione che Caratterizza l'epoca Contemporanea, Legata All'Accelerazione dei flussi migratori e Allo sforzo delle industrie del turismo e Allo Sviluppo delle tecnologie della Comunicazione. ruolo che Occupano queste musiche Venute Dall'Esterno e Quale Influenza Esercitano Sui Nostri Valori, le nostre Abitudini e le nostre Pratiche Culturali. Musica degli Altri: Paradossi di una Società Multiculturale. Prospettiva Etnomusicologica. Intesa e Richiamo della Tradizione. Vita di Artista e Sfida della Rappresentazione. Abbozzo di una Tipologia dell'Ascoltatore. invenzione del folklore o nostalgia delle Origini. World Music e l'ultima tentazione dell'Occidente. incontro di Culture e Appropriazione dell'Esotismo. Apprendere la Musica dell'Altro: un itinerario Transculturale. fascino della Musica Indiana: Lezioni di una Esperienza Personale. Bibliografia.
650 _aGENERI MUSICALI
650 _eCodice materia Spics: 7010
942 _cBK
957 _71
999 _c94543
_d94543
999 _g1